[Event "Reykjavik Open 2008"]
[Site "Reykjavik"]
[Date "2008.03.03"]
[Round "1.37"]
[White "Cross, Ted"]
[Black "Thorfinnsson, Bragi"]
[Result "1/2-1/2"]
[WhiteElo "2079"]
[BlackElo "2406"]
[PlyCount "108"]
[EventDate "2008.03.03"]

1. e4 c5 2. Nf3 d6 3. d4 cxd4 4. Nxd4 Nf6 5. Nc3 Nc6 6. Bc4 e6 7. Be3 Be7 8.
Qe2 a6 9. Bb3 O-O 10. O-O-O Qc7 11. Rhg1 b5 12. g4 b4 13. Nxc6 Qxc6 14. Nd5 Qb7
15. Nxe7+ Qxe7 16. Bg5 a5 17. f4 Ba6 18. Bc4 Bxc4 19. Qxc4 d5 20. exd5 exd5 21.
Qd4 Ra6 22. Bxf6 Rxf6 23. g5 Rf5 24. Rge1 Qc7 25. Re5 Rc8 26. Rd2 Rxe5 27. Qxe5
Qxe5 28. fxe5 Rc5 29. Re2 Kf8 30. e6 fxe6 31. Rxe6 d4 32. Rd6 Rxg5 33. Rxd4
Rg1+ 34. Rd1 Rxd1+ 35. Kxd1 Ke7 36. Kd2 Kd6 37. c4 bxc3+ 38. Kxc3 h5 39. Kd4 a4
40. b3 a3 41. Ke4 Kc5 42. h4 Kb4 43. Kf5 Kc3 44. Kg6 Kb2 45. b4 Kxa2 46. b5 Kb3
47. b6 a2 48. b7 a1=Q 49. b8=Q+ Kc4 50. Qg8+ Kc5 51. Qxg7 Qxg7+ 52. Kxg7 Kd6
53. Kg6 Ke7 54. Kxh5 Kf7 1/2-1/2

[Event "Reykjavik Open 2008"]
[Site "Reykjavik"]
[Date "2008.03.03"]
[Round "1.38"]
[White "Popovic, Milos T"]
[Black "Vigfusson, Vigfus"]
[Result "1-0"]
[WhiteElo "2405"]
[BlackElo "2052"]
[PlyCount "61"]
[EventDate "2008.03.03"]

1. d4 d5 2. c4 e6 3. Nc3 Nf6 4. Bg5 Be7 5. cxd5 exd5 6. e3 c6 7. Bd3 Nbd7 8.
Qc2 O-O 9. Nge2 Re8 10. g4 Nf8 11. h3 b5 12. Ng3 a5 13. O-O-O a4 14. Kb1 a3 15.
b3 b4 16. Na4 Be6 17. Nf5 Bxf5 18. Bxf5 g6 19. Bd3 N8d7 20. f3 Qa5 21. h4 Rac8
22. h5 c5 23. hxg6 cxd4 24. gxf7+ Kxf7 25. Qh2 dxe3 26. Bxf6 Nxf6 27. g5 e2 28.
Bxe2 Ng8 29. Qxh7+ Ke6 30. Qg6+ Kd7 31. Rxd5+ 1-0

[Event "Reykjavik Open 2008"]
[Site "Reykjavik"]
[Date "2008.03.03"]
[Round "1.39"]
[White "Kristjansson, Atli Freyr"]
[Black "Nyzhnyk, Illya"]
[Result "1/2-1/2"]
[WhiteElo "2019"]
[BlackElo "2405"]
[PlyCount "124"]
[EventDate "2008.03.03"]

1. d4 Nf6 2. c4 e6 3. Nf3 b6 4. e3 Bb7 5. Bd3 Bb4+ 6. Nc3 O-O 7. Qc2 d6 8. a3
Bxc3+ 9. Qxc3 Ne4 10. Qc2 f5 11. O-O Nd7 12. Nd2 Nxd2 13. Bxd2 Qh4 14. f3 Nf6
15. d5 exd5 16. Bxf5 dxc4 17. g3 Qh5 18. g4 Qh4 19. Qxc4+ Bd5 20. Qe2 Rae8 21.
Qf2 Qxf2+ 22. Rxf2 g6 23. Bd3 Nd7 24. e4 Ne5 25. Be2 Bc4 26. Bxc4+ Nxc4 27. Bh6
Rf7 28. Kg2 Ne5 29. Raf1 c5 30. b3 b5 31. Be3 c4 32. bxc4 Nxc4 33. Bc1 a5 34.
Rd1 b4 35. axb4 axb4 36. Bg5 b3 37. Rb1 b2 38. Rbxb2 Nxb2 39. Rxb2 Rc8 40. Rb3
Kg7 41. Rd3 Rc6 42. Kg3 Rd7 43. Bf4 Kf7 44. Kh4 Ke6 45. Kg5 Rf7 46. Bg3 Rc5+
47. Kh6 d5 48. exd5+ Rxd5 49. Re3+ Kd7 50. Be5 Re7 51. Bf4 Rf7 52. Be5 Rd1 53.
Bg7 Kd8 54. h4 Rd6 55. Bc3 Kd7 56. Bb2 Kd8 57. Bc3 Rc6 58. Bb2 Kd7 59. Bd4 Rd6
60. Bc3 Rd1 61. Bg7 Kd8 62. Ra3 Rd6 1/2-1/2

[Event "Reykjavik Open 2008"]
[Site "Reykjavik"]
[Date "2008.03.03"]
[Round "1.40"]
[White "Almer, Julia"]
[Black "Robson, Ray"]
[Result "0-1"]
[WhiteElo "1914"]
[BlackElo "2389"]
[PlyCount "70"]
[EventDate "2008.03.03"]

1. e4 c5 2. Nf3 d6 3. d4 cxd4 4. Nxd4 Nf6 5. Nc3 Nc6 6. Be2 e6 7. Be3 Be7 8.
O-O O-O 9. f4 a6 10. a4 Qc7 11. Kh1 Re8 12. Qe1 Nxd4 13. Bxd4 e5 14. Be3 exf4
15. Bxf4 Be6 16. Qg3 Nd7 17. h4 Ne5 18. h5 Kh8 19. Rad1 h6 20. Rd2 Qb6 21. b3
Rac8 22. Nd5 Bxd5 23. exd5 Qb4 24. Bd1 Rc3 25. Qf2 Bf6 26. Rd4 Ng4 27. Rxb4
Nxf2+ 28. Rxf2 Re1+ 29. Kh2 Rxd1 30. Rxb7 Rxd5 31. g4 Kg8 32. Rd7 Bh4 33. Re2
Rd4 34. Bc1 Rxg4 35. Bb2 Rf3 0-1

[Event "Reykjavik Open 2008"]
[Site "Reykjavik"]
[Date "2008.03.03"]
[Round "1.41"]
[White "Jackova, Jana"]
[Black "Brynjarsson, Helgi"]
[Result "0-1"]
[WhiteElo "2375"]
[BlackElo "1914"]
[PlyCount "70"]
[EventDate "2008.03.03"]

1. e4 e5 2. Nf3 Nc6 3. Bc4 Bc5 4. c3 Nf6 5. d3 h6 6. b4 Bd6 7. Nbd2 a5 8. b5
Ne7 9. a4 c5 10. Qb3 O-O 11. Nf1 Bc7 12. Ne3 d6 13. Nh4 b6 14. Nhf5 Bxf5 15.
exf5 d5 16. Nxd5 Nexd5 17. g4 Nf4 18. Qd1 e4 19. d4 cxd4 20. cxd4 Nd3+ 21. Bxd3
exd3 22. Be3 Qd5 23. Rf1 Qe4 24. Ra3 Bd6 25. Rxd3 Bb4+ 26. Ke2 Qxg4+ 27. f3
Qxf5 28. Rg1 Rfe8 29. Kf2 Qh3 30. Rg2 Nd5 31. Qf1 Qh4+ 32. Rg3 Bd6 33. Bd2
Bxg3+ 34. hxg3 Qh2+ 35. Qg2 Re2+ 0-1

[Event "Reykjavik Open 2008"]
[Site "Reykjavik"]
[Date "2008.03.03"]
[Round "1.42"]
[White "Magnusson, Bjarni"]
[Black "Grandelius, Nils"]
[Result "0-1"]
[WhiteElo "1913"]
[BlackElo "2371"]
[PlyCount "84"]
[EventDate "2008.03.03"]

1. d4 Nf6 2. Nf3 e6 3. c4 b6 4. g3 Ba6 5. b3 Bb4+ 6. Bd2 Be7 7. Bg2 c6 8. O-O
d5 9. cxd5 cxd5 10. Nc3 O-O 11. a3 Nbd7 12. b4 Bd6 13. b5 Bb7 14. Qb3 Rc8 15.
Rfc1 Rc4 16. e3 Qe7 17. Bf1 Rc7 18. Ne2 Ne4 19. Rxc7 Nxd2 20. Nxd2 Bxc7 21. Qa4
Bb8 22. Rc1 h5 23. h4 g6 24. Qb3 Kg7 25. a4 Bd6 26. Qa2 Qd8 27. Nb3 g5 28. hxg5
Qxg5 29. Bg2 h4 30. f4 Qg6 31. gxh4 Nf6 32. Rf1 Rh8 33. Rf3 Rxh4 34. Rg3 Rg4
35. Rxg4 Nxg4 36. Qd2 Qb1+ 37. Nbc1 Bb4 38. Nc3 Qa1 39. Qd1 Nxe3 40. Qh5 Qxc1+
41. Kh2 Nf1+ 42. Bxf1 Qxf1 0-1

[Event "Reykjavik Open 2008"]
[Site "Reykjavik"]
[Date "2008.03.03"]
[Round "1.43"]
[White "Vasilevich, Tatjana"]
[Black "Kristinsson, Bjarni Jens"]
[Result "0-1"]
[WhiteElo "2370"]
[BlackElo "1822"]
[PlyCount "152"]
[EventDate "2008.03.03"]

1. d4 d5 2. c4 c6 3. Nf3 Nf6 4. e3 Bg4 5. Nc3 e6 6. h3 Bh5 7. g4 Bg6 8. Ne5
Nbd7 9. h4 dxc4 10. Nxg6 hxg6 11. g5 Nd5 12. Bxc4 Bb4 13. Bd2 Qa5 14. Qb3 N7b6
15. Be2 O-O-O 16. a3 Rh7 17. e4 Nxc3 18. bxc3 Be7 19. a4 Nd7 20. c4 Qb6 21. Qc3
Rdh8 22. a5 Qd8 23. Qg3 e5 24. d5 Qc7 25. Rb1 Nc5 26. Kf1 Kb8 27. f3 Ka8 28.
Kg2 Bd6 29. Qf2 f5 30. exf5 gxf5 31. Bb4 cxd5 32. cxd5 Qe7 33. Bd2 g6 34. Rb5
e4 35. f4 Nd3 36. Bxd3 exd3 37. Rh3 Qe4+ 38. Kg1 Qc4 39. Rb1 Qxd5 40. Be3 Re8
41. a6 b6 42. Qg2 Qxg2+ 43. Kxg2 Rhe7 44. Bf2 d2 45. Rd1 Bb4 46. Rb3 Re1 47.
Rbb1 Kb8 48. h5 Rxd1 49. Rxd1 Re1 50. hxg6 Rxd1 51. g7 Rc1 52. g8=Q+ Kc7 53.
Qg7+ Kc6 54. Qb7+ Kb5 55. Qd5+ Kxa6 56. Be3 d1=Q 57. Qa2+ Kb5 58. Bxc1 Qxc1 59.
Qd5+ Qc5 60. Qd3+ Ka5 61. Qd7 Qc2+ 62. Kh3 Qc3+ 63. Kh4 Qh8+ 64. Kg3 Be1+ 65.
Kg2 Qb2+ 66. Kh1 Qh8+ 67. Kg1 Qc3 68. Qxa7+ Kb5 69. Qd7+ Kb4 70. Kf1 Bg3 71.
Qd6+ Ka5 72. Kg2 Bh4 73. Qd5+ b5 74. Qxf5 Qg3+ 75. Kh1 Qf3+ 76. Kg1 Bf2+ 0-1

[Event "Reykjavik Open 2008"]
[Site "Reykjavik"]
[Date "2008.03.03"]
[Round "1.44"]
[White "Kristinardottir, Elsa Maria"]
[Black "Westerinen, Heikki M J"]
[Result "0-1"]
[WhiteElo "1721"]
[BlackElo "2362"]
[PlyCount "96"]
[EventDate "2008.03.03"]

1. e4 e6 2. d4 d5 3. exd5 exd5 4. Bd3 Nc6 5. c3 Bd6 6. Nf3 Bg4 7. O-O Qf6 8.
Bg5 Qxg5 9. Nxg5 Bxd1 10. Rxd1 h6 11. Re1+ Nge7 12. Nf3 O-O-O 13. Nbd2 g5 14.
Re2 Rhg8 15. Nf1 Ng6 16. Bxg6 Rxg6 17. Ng3 Re6 18. Rae1 Rde8 19. Rxe6 Rxe6 20.
Nf5 Bf8 21. g4 Kd7 22. Kf1 f6 23. Nd2 Ne7 24. Nxe7 Bxe7 25. Rxe6 Kxe6 26. Ke2
f5 27. h3 c6 28. Nf1 f4 29. Nd2 b6 30. Nf3 c5 31. Kd3 Bf6 32. Ne1 Kd6 33. Nc2
Kc6 34. Ne1 a5 35. Nf3 b5 36. dxc5 Kxc5 37. b3 b4 38. c4 dxc4+ 39. bxc4 a4 40.
Nd2 b3 41. a3 Bb2 42. Ne4+ Kb6 43. f3 Bxa3 44. Kc3 Be7 45. Kb2 Bb4 46. Kb1 a3
47. Ka1 Bf8 48. Kb1 Bg7 0-1

[Event "Reykjavik Open 2008"]
[Site "Reykjavik"]
[Date "2008.03.03"]
[Round "1.45"]
[White "Fridgeirsson, Dagur Andri"]
[Black "Frank-Nielsen, Marie"]
[Result "1-0"]
[WhiteElo "1798"]
[BlackElo "1969"]
[PlyCount "101"]
[EventDate "2008.03.03"]

1. d4 d5 2. c4 c6 3. cxd5 cxd5 4. Nc3 Nf6 5. Bf4 a6 6. Nf3 Nc6 7. e3 e6 8. a3
Bd6 9. Bg5 h6 10. Bh4 Bd7 11. Rc1 Rc8 12. Bd3 b5 13. O-O Na5 14. Ne5 Nc4 15.
Bxc4 bxc4 16. e4 dxe4 17. Nxe4 Be7 18. Bxf6 gxf6 19. Nxc4 Bc6 20. f3 f5 21. Nc5
Bb5 22. Re1 Rg8 23. Nb7 Qd7 24. Ncd6+ Bxd6 25. Nxd6+ Ke7 26. Nxc8+ Rxc8 27.
Rxc8 Qxc8 28. Qc1 Qd7 29. Qc5+ Kf6 30. Qe5+ Kg6 31. Rc1 Bc6 32. Rc3 h5 33. h4
f6 34. Qc5 Bb5 35. f4 Kf7 36. Qc7 Ke7 37. Kf2 Qxc7 38. Rxc7+ Kd6 39. Rc5 Bd3
40. Ke3 Be4 41. g3 Bd5 42. Ra5 Bc4 43. b3 Bf1 44. Rc5 Bg2 45. Rc8 Bh3 46. Rh8
Bf1 47. Ra8 a5 48. Rxa5 Bh3 49. Ra8 Bg4 50. Rh8 Bd1 51. Rb8 1-0